| 000 | 00748nam a22002177a 4500 | ||
|---|---|---|---|
| 999 |
_c13936 _d13936 |
||
| 003 | AR-CdUCM | ||
| 008 | 190417b ||||| |||| 00| 0 spa d | ||
| 040 |
_aMUNICIPALIDAD PROVINCIAL DEL CUSCO _cBIBLIOTECA MUNICIPAL DEL CUSCO |
||
| 082 |
_aC / 759.85 / _bE97 |
||
| 110 |
_aCorporación de reconstrucción y fomento de Cuzco _932560 |
||
| 245 | _aDon Diego Quispe Ttito / | ||
| 260 |
_aCuzco : _c1963. |
||
| 300 |
_a34 paginas ; _bIlustraciones, _c23 cm. |
||
| 505 | _aContenido :Obras de don Diego Quispe Ttito / | ||
| 650 |
_aArte _9561 |
||
| 650 |
_aPintura _93081 |
||
| 650 |
_aDiego Quispe Tito _932561 |
||
| 710 |
_aDepartamento de reconstrucción de monumentos históricos _932562 |
||
| 942 |
_2ddc _cFOLLETOS |
||
| 945 |
_arjall _d2019-04-17 |
||